Crecimiento, distribución y bienestar: una respuesta (Registro nro. 16258)

Detalles MARC
000 -LEADER
fixed length control field 00384 a2200121 4500
001 - CONTROL NUMBER
control field ART_3254
005 - DATE AND TIME OF LATEST TRANSACTION
control field 20260410161713.0
008 - FIXED-LENGTH DATA ELEMENTS--GENERAL INFORMATION
fixed length control field 260409a
100 1# - MAIN ENTRY--PERSONAL NAME
Personal name Diéguez, Héctor L.
245 10 - TITLE STATEMENT
Title Crecimiento, distribución y bienestar: una respuesta
700 1# - ADDED ENTRY--PERSONAL NAME
Personal name Petrecolla, Alberto
773 0# - HOST ITEM ENTRY
Title Desarrollo económico
Related parts - Vol. 16, Nº 63 (oct./dic. 1976)
Record control number REV1174

No hay ítems disponibles.